Fungos micorrízicos arbusculares e serapilheira como indicadores do efeito de borda em fragmento de floresta estacional (Registro n. 259896)
[ somente texto ]
| 000 -LÍDER | |
|---|---|
| fixed length control field | 03827nab a2200277 i 4500 |
| 003 - CÓDIGO MARC DA AGÊNCIA CATALOGADORA | |
| Campo de controle | BR-BrBNA |
| 005 - DATA E HORA DA ÚLTIMA ATUALIZAÇÃO | |
| Campo de controle | 20231207124721.0 |
| 008 - CAMPO DE TAMANHO FIXO | |
| fixed length control field | 231207b2018 bl.qr|pooa||| 00| 0 por | |
| 040 ## - FONTE DA CATALOGAÇÃO | |
| Agência catalogadora | BR-BrBNA |
| Idioma da catalogação | por |
| 072 ## - CATEGORIA AGRIS | |
| Código AGRIS | P34 |
| 100 ## - ENTRADA PRINCIPAL - NOME PESSOAL | |
| Nome pessoal | Santos, Renata Soares dos |
| 100 ## - ENTRADA PRINCIPAL - NOME PESSOAL | |
| Nome pessoal | Barreto-Garcia, Patricia Anjos Bittencourt |
| 100 ## - ENTRADA PRINCIPAL - NOME PESSOAL | |
| Nome pessoal | Scoriza, Rafael Nogueira |
| 245 ## - TÍTULO PRINCIPAL | |
| Título principal | Fungos micorrízicos arbusculares e serapilheira como indicadores do efeito de borda em fragmento de floresta estacional |
| 500 ## - NOTA GERAL | |
| Nota geral | Publicação on-line; 49 ref.; 5 tables; 1 illus.; Summaries (En, Pt) |
| 942 ## - ADDED ENTRY ELEMENTS (KOHA) | |
| Koha item type | |
| 520 ## - NOTA DE RESUMO | |
| Nota de conteúdo | <br/><br/>RESUMO<br/>As atividades humanas causadoras de desmatamentos favorecem a fragmentação e a formação de bordas<br/>na floresta, modificando as características bióticas e abióticas do ecossistema, o que pode ser avaliado<br/>através de indicadores do solo. Com isso, o objetivo deste estudo foi avaliar o estoque de serapilheira e<br/>a comunidade de fungos micorrízicos arbusculares (FMA) como indicadores do efeito de borda em um<br/>fragmento de Floresta Estacional em Vitória da Conquista, Bahia. Foram realizadas amostragens ao final<br/>de cada estação do ano. Para isso, foram delimitadas quatro faixas na direção borda-matriz (borda – 0-10<br/>m, faixa 1 – 40-50 m, faixa 2 – 80-90 m e interior – 400 m). A serapilheira acumulada (quatro repetições<br/>por faixa) foi coletada com o auxílio de um gabarito de madeira (área 0,25 m2 ). Nos mesmos pontos em<br/>que se coletou a serapilheira foram coletadas amostras de solo (camada 0-5 cm) para extração dos esporos<br/>de fungos micorrízicos. O efeito de borda em fragmentos de Floresta Estacional Semidecidual pode alterar<br/>o estoque de serapilheira com redução de massa nos locais mais próximos da borda. A comunidade de<br/>fungos micorrízicos arbusculares apresentou a ocorrência de espécies exclusivas em determinadas faixas<br/>no gradiente borda-interior do fragmento.<br/><br/>Palavras-chave: fragmentação; fitomassa acumulada; sazonalidade; comunidade de FMA. |
| 520 ## - NOTA DE RESUMO | |
| Nota de conteúdo | <br/><br/>ABSTRACT<br/>Deforestation causes the formation of forest fragments and edges, changing the biotic and abiotic conditions<br/>of a forest ecosystem. The edge effects in a forest can be assessed by soil indicators. The objective of this<br/>study was to evaluate the litter stock and arbuscular mycorrhizal fungal community as edge effect indicators<br/>in a fragment of a seasonal forest in Vitória da Conquista, Bahia state. Sampling was carried out at the end<br/>of each season. Four sampling ranges were established in the edge-interior direction (edge: 0–10 m, range<br/>1: 40–50 m, range 2: 80–90 m, and interior: 400 m). The accumulated litter was collected four times using<br/>a wooden template (area 0.25 m2). The soil samples (layer 0–5 cm) for extracting the spores of mycorrhizal<br/>fungi were collected from the same litter collection areas. The edge effect in areas of a seasonal forest can<br/>change the litter stock, showing a mass reduction closer to the edge. The community of mycorrhizal fungi<br/>shows the occurrence of unique species in the gradient of edge-interior fragment.<br/><br/>Keywords: fragmentation; biomass accumulated; seasonality; community AMF. |
| 650 ## - ASSUNTO - THESAGRO | |
| Cabeçalho tópico ou nome geográfico | MICORRIZA VESICULAR ARBUSCULAR |
| 650 ## - ASSUNTO - THESAGRO | |
| Cabeçalho tópico ou nome geográfico | SERAPILHEIRA |
| 650 ## - ASSUNTO - THESAGRO | |
| Cabeçalho tópico ou nome geográfico | FLORESTA |
| 650 ## - ASSUNTO - THESAGRO | |
| Cabeçalho tópico ou nome geográfico | VARIAÇÃO SAZONAL |
| 773 0# - ENTRADA ANALÍTICA | |
| Host Biblionumber | 4065 |
| Registro do item | 198128 |
| Imprenta | Santa Maria-RS Universidade Federal de Santa Maria - Centro de Pesquisas Florestais.Departamento de Ciências Florestais. Programa de Pós-Graduação em Engenharia Florestal 1991 |
| Outro identificador | 2023-437009 |
| Título | Ciência Florestal (Brazil) |
| ISSN | 0103-9954; 1980-5098 (on-line) |
| Colação | v. 28(1) p. 324-335; (Jan-Mar 2018) |
| Número de controle de registro | BR2023001444 |
| 856 ## - ACESSO E ENDEREÇO ELETRÔNICO | |
| Identificador uniforme de recurso - URI | https://www.scielo.br/j/cflo/a/T5L6hG3JghWzzKc6RdDwTkm/?format=pdf&lang=pt |
Nenhum exemplar disponível.

BINAGRI